Dva razy o manželoch - veselo, ale naprosto odlišne

Bibliographic Details
Format: Article
Language:Slovak
Subjects:

MARC

LEADER 00000nab a2200000 ar4500
001 vtls009343352
003 SK-MaSNL
005 20260303180559.0
008 081007c19760626xo |r|p|||||||000 b|slo
015 |a SNBRB1976 
038 |a SNKBUCL 
040 |a SNKBUCL  |b slo  |c SNKBUCL  |e AACR2 
041 |a slo 
044 |a xo  |c SK 
080 |a 792.2  |2 1997 
245 0 0 |a Dva razy o manželoch - veselo, ale naprosto odlišne  |c [autor] F-a 
600 1 7 |a Kertész, Ákos,  |d 1932-  |t Meniny  |2 snkbucl  |9 1206541 
600 1 7 |a Feydeau, Georges,  |d 1862-1921  |t Chrobák v hlave  |2 snkbucl  |9 1206530 
610 2 7 |a Divadlo Nová scéna.  |b Činohra  |2 snkbucl  |9 119345 
650 0 7 |a činohry  |2 snkbucl  |9 3325 
650 0 7 |a divadelné inscenácie  |2 snkbucl  |9 3326 
655 7 |a recenzie  |2 snkbucl  |9 21907 
773 0 |t Hlas ľudu  |g (26.6.1976), s. 4 
852 |a SNK  |b KIS3GCP 
958 |a RC 
999 |c 2106913  |d 2108843